Statystyki dla Największe Państwa bez kolei

Kliknij tutaj aby rozwiązać quiz!

Ogólne statystyki

  • Ten quiz został rozwiązany 17 razy
  • Średni wynik to 7 z 11

Statystyki odpowiedzi

PowierzchniaOdpowiedź% Poprawnych
1 267 000 km²Niger
93%
1 284 000 km²Czad
86%
1 759 540 km²Libia
71%
1 030 700 km²Mauretania
71%
622 984 km²Republika Środkowo Afrykańska
64%
637 657 km²Somalia
57%
103 000 km²Islandia
50%
462 840 km²Papua-Nowa Gwinea
50%
527 968 km²Jemen
43%
309 500 km²Oman
43%
83 600 km²Zjednoczone Emiraty Arabskie
29%

Rozkład punktacji

Percentyl według liczby udzielonych odpowiedzi

Procent ludzi z każdym wynikiem

Twoja historia wyników

Nie rozwiązałeś tego quizu